Conocer la ciudad. Imaginarios. Métodos. Cartografías. Sentidos

Salvato in:
Dettagli Bibliografici
Autore principale: Montealegre, Pía (autora)
Natura: Libro
Lingua:spagnolo
Pubblicazione: Talca, Chile Bifurcaciones 2018
Serie:Colección Cuervos en Casa
Soggetti:
Tags: Aggiungi Tag
Nessun Tag, puoi essere il primo ad aggiungerne!!

MARC

LEADER 00000cam a2200000 a 4500
001 UCC8423
003 CL-VaPUC
005 20220304162436.0
008 190628e20180000cl |||||||||||||||||spa|d
999 |c 374755  |d 374753 
020 |a 9789569501029 
040 |c Pontificia Universidad Católica de Valparaíso 
082 0 4 |a 301 GRE 2018  |2 21 
100 |a Montealegre, Pía  |e autora  |9 603109 
245 1 0 |a Conocer la ciudad.  |b Imaginarios. Métodos. Cartografías. Sentidos 
260 |a Talca, Chile  |b Bifurcaciones  |c 2018 
300 |a 238 páginas  
490 0 |a Colección Cuervos en Casa 
583 |a last modification  |c 20190628 11:06:00  |k Rodrigo Vera 
650 0 |a Sociología   |9 255410 
650 7 |a TERRITORIALIDAD  |2 CL-VaPUC  |9 382029 
650 0 |a Urbanismo  |9 255208 
852 |a BIBCUR 
942 |c BK  |2 ddc 
945 |d 20190628 11:06:00  |a dcastane 
952 |0 0  |1 0  |2 ddc  |3 erb  |4 0  |6 301_000000000000000_GRE_2018  |7 0  |8 A  |9 493466  |a BIBING  |b BIBING  |d 2019-06-26  |e 47  |g 11040.00  |i 5554381  |l 2  |o 301 GRE 2018  |p 5554381  |r 2025-01-20  |s 2024-06-25  |v 11040.00  |w 2019-11-24  |y BK  |z Catalogado en:20190628  |k GEO